Sports Quiz

Random Sports or MLB Quiz
Score 0/180 Timer 13:00
0 Plays Today
Year Name % Correct
1970 NLJohnny Bench
95.7%
1971 NLJohnny Bench
95.7%
1972 NLJohnny Bench
95.7%
1973 NLJohnny Bench
95.7%
1974 NLJohnny Bench
95.7%
1975 NLJohnny Bench
95.7%
1976 NLJohnny Bench
95.7%
1977 NLJohnny Bench
95.7%
1972 ALReggie Jackson
93.6%
1973 ALReggie Jackson
93.6%
1974 ALReggie Jackson
93.6%
1975 ALReggie Jackson
93.6%
1977 ALReggie Jackson
93.6%
1971 ALBrooks Robinson
92.4%
1972 ALBrooks Robinson
92.4%
1973 ALBrooks Robinson
92.4%
1974 ALBrooks Robinson
92.4%
1970 ALFrank Robinson
92.3%
1971 ALFrank Robinson
92.3%
1972 NLJoe Morgan
92%
1973 NLJoe Morgan
92%
1974 NLJoe Morgan
92%
1975 NLJoe Morgan
92%
1976 NLJoe Morgan
92%
1977 NLJoe Morgan
92%
1978 NLJoe Morgan
92%
1973 NLPete Rose
91.8%
1974 NLPete Rose
91.8%
1975 NLPete Rose
91.8%
1976 NLPete Rose
91.8%
1978 NLPete Rose
91.8%
1976 ALGeorge Brett
91.6%
1977 ALGeorge Brett
91.6%
1978 ALGeorge Brett
91.6%
1979 ALGeorge Brett
91.6%
1970 ALJim Palmer
89.4%
1972 ALJim Palmer
89.4%
1977 ALJim Palmer
89.4%
1978 ALJim Palmer
89.4%
1970 NLHank Aaron
89.4%
1971 NLHank Aaron
89.4%
1972 NLHank Aaron
89.4%
1973 NLHank Aaron
89.4%
1974 NLHank Aaron
89.4%
1973 ALCarlton Fisk
89.3%
1977 ALCarlton Fisk
89.3%
1978 ALCarlton Fisk
89.3%
1974 ALThurman Munson
89.2%
1975 ALThurman Munson
89.2%
1976 ALThurman Munson
89.2%
1979 NLMike Schmidt
88.4%
1970 ALCarl Yastrzemski
88.2%
1971 ALCarl Yastrzemski
88.2%
1972 ALCarl Yastrzemski
88.2%
1977 ALCarl Yastrzemski
88.2%
1979 ALCarl Yastrzemski
88.2%
1971 ALRod Carew
86.6%
1972 ALRod Carew
86.6%
1973 ALRod Carew
86.6%
1974 ALRod Carew
86.6%
Year Name % Correct
1975 ALRod Carew
86.6%
1976 ALRod Carew
86.6%
1977 ALRod Carew
86.6%
1978 ALRod Carew
86.6%
1972 NLLee May
86.4%
1970 NLTom Seaver
86.2%
1971 NLWillie Stargell
86.2%
1972 NLWillie Stargell
86.2%
1974 NLSteve Garvey
86%
1975 NLSteve Garvey
86%
1976 NLSteve Garvey
86%
1977 NLSteve Garvey
86%
1978 NLSteve Garvey
86%
1979 NLSteve Garvey
86%
1978 ALJim Rice
85.9%
1979 ALJim Rice
85.9%
1970 NLWillie Mays
84.7%
1971 NLWillie Mays
84.7%
1972 NLWillie Mays
84.7%
1971 NLWillie McCovey
82.9%
1975 NLDave Concepcion
82.6%
1976 NLDave Concepcion
82.6%
1977 NLDave Concepcion
82.6%
1976 NLGeorge Foster
82.5%
1977 NLGeorge Foster
82.5%
1978 NLGeorge Foster
82.5%
1979 NLGeorge Foster
82.5%
1979 NLSteve Carlton
82.5%
1970 ALHarmon Killebrew
82.2%
1972 NLBob Gibson
80.8%
1976 ALFred Lynn
80.3%
1978 ALFred Lynn
80.3%
1979 ALFred Lynn
80.3%
1971 ALVida Blue
80.1%
1975 ALVida Blue
80.1%
1978 NLVida Blue
80.1%
1973 NLRon Santo
79.3%
1974 NLRon Cey
79.1%
1975 NLRon Cey
79.1%
1977 NLRon Cey
79.1%
1975 ALGraig Nettles
78.1%
1977 NLDave Parker
77.7%
1979 NLDave Parker
77.7%
1970 NLTony Perez
77.1%
1979 ALNolan Ryan
76.8%
1970 ALBoog Powell
76.6%
1973 ALCatfish Hunter
75.7%
1979 NLDave Winfield
75.3%
1979 ALFrank White
74.9%
1973 NLBilly Williams
72.7%
1971 NLJoe Torre
71.4%
1972 NLJoe Torre
71.4%
1976 NLRandy Jones
71.4%
1977 ALWillie Randolph
71.1%
1977 NLDon Sutton
70.7%
1974 NLLarry Bowa
69.8%
1978 NLLarry Bowa
69.8%
1979 NLLarry Bowa
69.8%
1970 ALDavey Johnson
69%
1970 NLDick Allen
67%
Year Name % Correct
1972 ALDick Allen
67%
1974 ALDick Allen
67%
1976 NLGreg Luzinski
66.8%
1977 NLGreg Luzinski
66.8%
1978 NLGreg Luzinski
66.8%
1979 NLDavey Lopes
66.7%
1978 NLTed Simmons
66.3%
1973 ALBert Campaneris
65.4%
1974 ALBert Campaneris
65.4%
1975 ALBert Campaneris
65.4%
1970 ALFrank Howard
64.1%
1970 ALLuis Aparicio
63.8%
1971 ALLuis Aparicio
63.8%
1975 NLLou Brock
61.9%
1974 ALJeff Burroughs
61.5%
1979 ALDon Baylor
60.6%
1979 NLBob Boone
60.2%
1971 ALBobby Murcer
60.2%
1972 ALBobby Murcer
60.2%
1973 ALBobby Murcer
60.2%
1974 ALBobby Murcer
60.2%
1972 ALBobby Grich
60%
1976 ALBobby Grich
60%
1970 ALBill Freehan
60%
1971 ALBill Freehan
60%
1972 ALBill Freehan
60%
1979 ALDarrell Porter
59.9%
1971 ALNorm Cash
59.4%
1974 ALGaylord Perry
58.2%
1976 ALMark Fidrych
57.9%
1975 ALJoe Rudi
56.4%
1973 NLCesar Cedeno
55.9%
1975 ALBobby Bonds
55.3%
1973 ALAmos Otis
54.9%
1976 NLDave Kingman
54.8%
1973 ALJohn Mayberry
53.1%
1974 NLJim Wynn
51.9%
1975 NLJim Wynn
51.9%
1978 ALFreddie Patek
50.6%
1971 NLBud Harrelson
50.4%
1975 ALGene Tenace
49.7%
1978 NLRick Monday
48.8%
1971 NLDock Ellis
46.2%
1970 NLDon Kessinger
45%
1972 NLDon Kessinger
45%
1976 ALToby Harrah
44.9%
1977 ALRick Burleson
43.5%
1979 ALRoy Smalley
41.4%
1976 ALRusty Staub
41%
1976 ALRon LeFlore
40.3%
1970 NLRico Carty
40%
1970 NLGlenn Beckert
36.4%
1971 NLGlenn Beckert
36.4%
1974 NLAndy Messersmith
36.3%
1973 NLChris Speier
34.2%
1978 ALDon Money
33.7%
1977 ALRichie Zisk
33.3%
1978 ALRichie Zisk
33.3%
1975 NLJerry Reuss
32.4%
1973 NLRick Wise
26.3%
Remove Ads.
Support Sporcle.
Get the best of Sporcle when you Go Orange. This ad-free experience offers more features, more stats, and more fun while also helping to support Sporcle. Thank you for becoming a member.

You're not logged in!

Compare scores with friends on all Sporcle quizzes.
OR
Log In

Sporcle TV

Today on Sporcle TV


Watch our educational content, quiz creation guides, and fun videos on Sporcle TV.

Show Comments

Extras

Top Quizzes Today


Score Distribution

Paid Content

Your Account Isn't Verified!

In order to create a playlist on Sporcle, you need to verify the email address you used during registration. Go to your Sporcle Settings to finish the process.

Report this User

Report this user for behavior that violates our Community Guidelines.

Details: